000 00354 a2200169 4500
001 189292
020 _a978-85-356-3014-5
040 _cMagnum
100 _aCunha, Leo
240 1 0 _aNum mundo perfeito
_lpor
245 1 0 _aNum mundo perfeito
300 _a21
362 0 _a2012
440 1 _aPaulinas
697 _aLITERATURA INFANTO
942 _cBK
999 _c189292
_d189292